UM Logo

An error in the analysis of "An Eye for the I" / (Record no. 20662)

MARC details
000 -LEADER
fixed length control field 00835nam a22001937a 4500
005 - DATE AND TIME OF LATEST TRANSACTION
control field 20260305105848.0
008 - FIXED-LENGTH DATA ELEMENTS--GENERAL INFORMATION
fixed length control field 240820b ||||| |||| 00| 0 eng d
082 ## - DEWEY DECIMAL CLASSIFICATION NUMBER
Classification number DPer 155.205 J826 October-December 2020 v. 119 n. 4-6
100 ## - MAIN ENTRY--PERSONAL NAME
Personal name Correll, Joshua.
Relator term author.
9 (RLIN) 58367
245 ## - TITLE STATEMENT
Title An error in the analysis of "An Eye for the I" /
Statement of responsibility, etc. Joshua Correll and Sean M. Hudson.
260 ## - PUBLICATION, DISTRIBUTION, ETC. (IMPRINT)
Place of publication, distribution, etc. Washington, DC ;
Name of publisher, distributor, etc. American Psychological Association ,
Date of publication, distribution, etc. November 2020.
300 ## - PHYSICAL DESCRIPTION
Extent Volume 119, pages 1030-1036 :
Other physical details illustration ;
Dimensions 28 cm.
500 ## - GENERAL NOTE
General note Journal of Personality and Social Psychology, vol. 119, no. 5, pages 1030-1036, November 2020.
650 ## - SUBJECT ADDED ENTRY--TOPICAL TERM
Topical term or geographic name as entry element Psychology.
9 (RLIN) 61259
650 ## - SUBJECT ADDED ENTRY--TOPICAL TERM
Topical term or geographic name as entry element Attitude (Psychology).
9 (RLIN) 61260
700 ## - ADDED ENTRY--PERSONAL NAME
Personal name Correll, Joshua.
Relator term author.
9 (RLIN) 58367
700 ## - ADDED ENTRY--PERSONAL NAME
Personal name Hudson, Sean M.
Relator term author.
9 (RLIN) 58368
942 ## - ADDED ENTRY ELEMENTS (KOHA)
Source of classification or shelving scheme Dewey Decimal Classification
Koha item type Periodicals
Holdings
Withdrawn status Lost status Source of classification or shelving scheme Damaged status Not for loan Collection code Home library Current library Date acquired Total Checkouts Full call number Date last seen Price effective from Koha item type Public note
    Dewey Decimal Classification     Periodicals UM Digos College - LIC UM Digos College - LIC 08/20/2024   DPer 155.205 J826 October-December 2020 v.119 n. 4-6 08/20/2024 08/20/2024 Periodicals Periodical Article